Missing Word: Look Up Quiz Stats

Quiz Updated Apr 5, 2016

Challenge
Share
Tweet
Embed
Score 0/20 Timer 04:00
0 Plays Today
Hint Answer % Correct
Big _____ TheoryBang
98.1%
_____ HoleBlack
95.1%
_____ Way GalaxyMilky
93.1%
_____ BorealisAurora
86.6%
Orion's _____Belt
84.7%
Perseid _____ ShowerMeteor
75.3%
Hubble _____ TelescopeSpace
71.6%
_____ MatterDark
70.9%
Doppler _____Effect
68.6%
Hale - _____Bopp
59.9%
Hint Answer % Correct
Event _____Horizon
57.5%
_____ YearLight
53.8%
_____ - Ray BurstGamma
46.2%
Horsehead _____Nebula
43%
Great Red _____Spot
42.2%
Super-_____ Black HoleMassive
30.2%
Proxima _____Centauri
23.8%
Interplanetary _____ FieldMagnetic
23.3%
Accretion _____Disk
12.5%
Trans - Neptunian _____Object
11.6%

Today's Daily Dose

You're not logged in!

Compare scores with friends on all Sporcle quizzes.
Join for Free
OR
Log In

You Might Also Like...

Show Comments

Extras

Top Quizzes Today


Score Distribution

Your Account Isn't Verified!

In order to create a playlist on Sporcle, you need to verify the email address you used during registration. Go to your Sporcle Settings to finish the process.

Report this User

Report this user for behavior that violates our Community Guidelines.

Details: